01214 a2200193 45000010006000000050017000060080041000230030015000640400040000790800125001192450057002442640051003013000019003525050548003711000028009197000020009477000032009677000021009995942020260407155848.0260407a1965 arg spa dAR-UNSa-BCEJYS aAR-UNSa-BCEJYSbspacAR-UNSa-BCEJYS a338.1(728)xSituación económica. Ciclos. Desarrollo de la estructura económica en los Estados de América Central10aHacia la integración acelerada de América Latina 1aMéxico :bFondo de Cultura Económicac1965 a195 p.c21 cm. a1. La integración económica y el desarrollo de América Latina - 2. Progresos y limitaciones de los movimientos latinoamericanos de integración - 3. El conjunto de los nuevos compromisos - 4. La política comercial - 5. El tratamiento especial de los productos agropecuarios - 6. Política regional de inversiones - 7. Los acuerdos sobre ramas industriales - 8. Los transportes y la integración económica regional - 9. La política monetaria y financiera - 10. La estructura institucional - 11. La ALALC y los nuevos compromisos1 aMayobre, José Antonio1 aHerrera, Felipe1 aSanz de Santa Maria, Carlos1 aPrebisch, Raúl